Kitab-ul-Shafi (Osul-e-Kafi) (Record no. 258503)
[ view plain ]
| 000 -LEADER | |
|---|---|
| fixed length control field | 00219 a2200097 4500 |
| 001 - CONTROL NUMBER | |
| control field | 23430 |
| 090 ## - LOCALLY ASSIGNED LC-TYPE CALL NUMBER (OCLC); LOCAL CALL NUMBER (RLIN) | |
| -- | 15824 |
| -- | 15824 |
| 100 ## - MAIN ENTRY--PERSONAL NAME | |
| Personal name | Hasan, S Z |
| 245 ## - TITLE STATEMENT | |
| Title | Kitab-ul-Shafi (Osul-e-Kafi) |
| 260 ## - PUBLICATION, DISTRIBUTION, ETC. | |
| Place of publication, distribution, etc. | |
| Name of publisher, distributor, etc. | Shamim Bk depot |
| Date of publication, distribution, etc. | 1966 |
| 942 ## - ADDED ENTRY ELEMENTS (KOHA) | |
| Institution code [OBSOLETE] | NUST-CAE |
| Koha item type | |
| -- | |
| Withdrawn status | Lost status | Damaged status | Not for loan | Collection code | Permanent Location | Current Location | Date acquired | Total Checkouts | Barcode | Date last seen | Price effective from | Koha item type |
|---|---|---|---|---|---|---|---|---|---|---|---|---|
| College of Aeronautical Engineering (CAE) | College of Aeronautical Engineering (CAE) | 04/03/2017 | CAE18956 | 04/05/2017 | 04/05/2017 | Book | ||||||
| College of Aeronautical Engineering (CAE) | College of Aeronautical Engineering (CAE) | 04/03/2017 | CAE18957 | 04/05/2017 | 04/05/2017 | Book |
